Información y comunicación : los medios y su aplicación didáctica /
Texto que comienza con un estudio genérico de la problemática de la comunicación humana y animal y estudia las distintas teorías de los procesos comunicativos. Sigue luego con un análisis, tambien global, de los distintos medios de de masas. Cierra con una reflexión sobre los objetivos de la enseñan...
Guardado en:
| Autor principal: | |
|---|---|
| Otros autores: | , |
| Formato: | Libro |
| Idioma: | Español |
| Publicado: |
Barcelona, España :
Gustavo Gili,
1988, c1988
|
| Colección: | (Medios de Comunicación en la Enseñanza)
|
| Temas: | |
| Etiquetas: |
Sin etiquetas, Sé el primero en etiquetar este registro!
|
MARC
| LEADER | 00000nam^a2200000^a^4500 | ||
|---|---|---|---|
| 001 | 000031599 | ||
| 005 | 20250521000000.0 | ||
| 009 | 20260310085049.195 | ||
| 020 | |a 84-252-1359-2 | ||
| 037 | |a Acervo ITESO - Biblioteca | ||
| 041 | |a ESP | ||
| 082 | |a 302. 201 |b ROD | ||
| 100 | |a Roda Salinas, Fernando Jesús |e (autor) | ||
| 245 | 1 | 0 | |a Información y comunicación : |b los medios y su aplicación didáctica / |c F.J. Roda Salinas, R. Beltrán de Tena ; presen. de J.L. Rodríguez Diéguez. |
| 264 | 4 | |a Barcelona, España : |b Gustavo Gili, |c 1988, c1988 | |
| 300 | |a 142 p. | ||
| 336 | |a texto |b txt |2 rdacontenido | ||
| 337 | |a sin mediación |b n |2 rdamedio | ||
| 338 | |a volumen |b nc |2 rdasoporte | ||
| 440 | 1 | |a (Medios de Comunicación en la Enseñanza) | |
| 520 | |a Texto que comienza con un estudio genérico de la problemática de la comunicación humana y animal y estudia las distintas teorías de los procesos comunicativos. Sigue luego con un análisis, tambien global, de los distintos medios de de masas. Cierra con una reflexión sobre los objetivos de la enseñanza referida a la teoría de la comunicación y a los medios de masas. | ||
| 649 | |a XX | ||
| 650 | |a Proceso de Comunicación - |x Teoría | ||
| 650 | |a Medios de Comunicación | ||
| 650 | |a Comunicación Masiva | ||
| 650 | |a Comunicación - |x Estudio y Enseñanza | ||
| 650 | |a Comunicación - |x Teoría - |x Tema Principal | ||
| 700 | |a Beltrán de Tena, Rosario |e (autor) | ||
| 700 | |a Rodríguez Diéguez, José Luis |e (presentación) | ||
| 910 | |a Fondo General | ||
| 920 | |a Impresos - Libros | ||
| 930 | |a Colección General | ||
| 905 | |a 101 | ||
| 901 | |a 0315990100 |b IT1 |c ACC |i 031599 |u 20250521 | ||
| 902 | |a https://opac.biblio.iteso.mx/vufind/Record/000031599 | ||